| 000 | 00684cam a2200217 a 4500 | ||
|---|---|---|---|
| 001 | ca 24000746 | ||
| 003 | DLC | ||
| 005 | 20260227111113.0 | ||
| 008 | 821206s1924 ksu 000 0 eng | ||
| 010 | _aca 24000746 | ||
| 040 |
_aDLC _cDLC _dDLC |
||
| 050 | 0 | 0 |
_aBS2615 _b.A6 |
| 051 |
_aAC1 _b.L8 no. 535 |
||
| 100 | 1 | _aArcher, Olin Wellington. | |
| 245 | 1 | 2 |
_aA newspaperman's estimate of the Fourth Gospel / _cOlin Wellington Archer. |
| 260 |
_aGirard, Kan. : _bHaldeman-Julius Co., _cc1924. |
||
| 300 |
_a64 p. ; _c13 cm. |
||
| 440 | 0 |
_aLittle blue book ; _vno. 535 |
|
| 500 | _aPublisher's advertisements on p. 63-64. | ||
| 630 | 0 | 0 |
_aBible. _pJohn _xCriticism, interpretation, etc. |
| 999 |
_c15868 _d15868 |
||